Baldur's Gate 3 Feats - Statistics

General Stats
  • This quiz has been taken 6 times
  • The average score is 19 of 41
Answer Stats
Answer % Correct
Ability Improvement
67%
Alert
67%
Dual Wielder
67%
Great Weapon Master
67%
Mage Slayer
67%
Magic Initiate: Bard
67%
Magic Initiate: Cleric
67%
Magic Initiate: Druid
67%
Magic Initiate: Sorcerer
67%
Magic Initiate: Warlock
67%
Magic Initiate: Wizard
67%
Mobile
67%
Polearm Master
67%
Ritual Caster
67%
Savage Attacker
67%
Sentinel
67%
Sharpshooter
67%
Spell Sniper
67%
Tavern Brawler
67%
War Caster
67%
Weapon Master
67%
Actor
33%
Athlete
33%
Charger
33%
Crossbow Expert
33%
Heavily Armored
33%
Heavy Armor Master
33%
Lightly Armored
33%
Lucky
33%
Medium Armor Master
33%
Moderately Armored
33%
Resilient
33%
Shield Master
33%
Skilled
33%
Tough
33%
Defensive Duellist
0%
Dungeon Delver
0%
Durable
0%
Elemental Adept
0%
Martial Adept
0%
Performer
0%
No matching quizzes found
Score Distribution
Percent of People with Each Score
Percentile by Number Answered
Your Score History
You have not taken this quiz